Movies Quiz

Random Movies or Role Quiz
Score 0/24 Timer 06:00
3 Plays Today
% Correct
The Wolf of Wall Street
92.1%
Wall Street
82.3%
As Good as It Gets
73.8%
Remember the Titans
73.1%
Capote
69.4%
The Pursuit of Happyness
65.3%
The Prestige
64.7%
Trading Places
64.5%
Misery
63.2%
No Country for Old Men
61.9%
The Fifth Element
54.3%
Now You See Me
50.6%
% Correct
Friday Night Lights
48.8%
The Illusionist
48.5%
The Waterboy
47.8%
Men in Black 2
43.8%
Unforgiven
43.1%
Blazing Saddles
39.5%
The Day the Earth Stood Still
34.8%
Cop Land
34.4%
Megamind
33.7%
Wildcats
27.5%
The Incredible Burt Wonderstone
20.2%
Miss Potter
16.2%
Remove Ads.
Support Sporcle.
Get the best of Sporcle when you Go Orange. This ad-free experience offers more features, more stats, and more fun while also helping to support Sporcle. Thank you for becoming a member.

You're not logged in!

Compare scores with friends on all Sporcle quizzes.
OR
Log In

Show Comments

Extras

Top Quizzes Today


Score Distribution

Your Account Isn't Verified!

In order to create a playlist on Sporcle, you need to verify the email address you used during registration. Go to your Sporcle Settings to finish the process.

Report this User

Report this user for behavior that violates our Community Guidelines.

Details: